000 00774nam a2200253Ia 4500
003 OSt
005 20220926015917.0
006 a|||||r|||| 00| 0
007 ta
008 220923b |||||||| |||| 00| 0 eng d
037 _cGeneral Book
040 _aRTL
_cRTL
_beng
041 _2eng
_aeng
082 _aX:77ogF.1.N6, K9
100 _aBaranson Jack
_9323315
245 0 _aIndustrial technologies for developing economics
260 _aNew York
_bPraeger USA
_c1969
300 _axiii,168p.
_ccm.
490 _aPraeger Special Studies in International Economics and Development
500 _aBibliography P 145-168
650 _aEconomics Development
942 _hX:77ogF.1.N6, K9
_cGB
_2CC
999 _c632770
_d632770